00389nam a2200145Ia 450000500170000000800410001702000150005808200130007310000160008624500560010226000460015830000180020465000090022265000120023120240607024750.0240331s9999 xx 000 0 und d a8170131006 bHAYa340 aHayley, F.A 4aThe laws and customs of the sinhalese or kandyanlaw aNew DelhibNimal Singal for NAVRANGc1993 axlvii,112 p., aLaw  aCustoms